| 000 | 00879pam a2200301 a 4500 | ||
|---|---|---|---|
| 001 | 1979634 | ||
| 003 | OSt | ||
| 005 | 20250901165803.0 | ||
| 008 | 890331s1989 nyu 001 0beng | ||
| 010 | _a 89007719 | ||
| 020 |
_a0525247521 : _c$18.95 |
||
| 040 |
_aDLC _cDLC _dDLC |
||
| 043 | _an-us--- | ||
| 050 | 0 | 0 |
_aE 877 .S26 1989 _b.S26 1989 |
| 082 | 0 | 0 |
_a973.927/092 _220 |
| 100 | 1 | _aSchieffer, Bob. | |
| 245 | 1 | 4 |
_aThe acting president / _cBob Schieffer and Gary Paul Gates. |
| 250 | _a1st ed. | ||
| 260 |
_aNew York : _bDutton, _cc1989. |
||
| 300 |
_axii, 397 p. ; _c24 cm. |
||
| 500 | _aIncludes index. | ||
| 600 | 1 | 0 | _aReagan, Ronald. |
| 650 | 0 |
_aPresidents _zUnited States _xBiography. |
|
| 651 | 0 |
_aUnited States _xPolitics and government _y1981-1989. |
|
| 700 | 1 | _aGates, Gary Paul. | |
| 906 |
_a7 _bcbc _corignew _d1 _eocip _f19 _gy-gencatlg |
||
| 942 |
_2lcc _cBK |
||
| 999 |
_c9244 _d9244 |
||